Assassin's Creed: Assassins ou Templiers? - Statistiques

Statistiques générales
  • Ce quiz a été pris 1 359 fois
  • Le résultat moyen est 14 sur 24
Statistiques - réponses
Hint Réponse % Correct
Adolf Hitler Templier
83%
Jules César Templier
79%
Jeanne d'Arc Assassin
75%
Rodrigo Borgia Templier
73%
Marco Polo Assassin
70%
Xerxes I Templier
70%
Michel-Ange Assassin
69%
Maximilien de Robespierre Templier
64%
Grigori Raspoutine Templier
63%
Charles Dickens Assassin
62%
Niccolò Machiavelli Assassin
61%
Alfred le Grand Templier
58%
Dante Alighieri Assassin
57%
Érasme Assassin
57%
Charlemagne Templier
55%
Honoré-Gabriel Riqueti de Mirabeau Assassin
54%
John Wilkes Booth Templier
54%
Samuel Bellamy Assassin
53%
René d'Anjou Assassin
45%
Jack l'Éventreur Assassin
44%
Marcus Junius Brutus Assassin
43%
Thomas Edison Templier
40%
Sun Yat-Sen Templier
38%
Alan Turing Templier
35%
Aucun quiz correspondant
Distribution des résultats
% des personnes avec chaque résultat
Percentile par nombre de réponses
Votre historique - résultats
Vous n’avez pas pris ce quiz